<?xml version="1.0" encoding="UTF-8"?>
<record
    xmlns:xsi="http://www.w3.org/2001/XMLSchema-instance"
    xsi:schemaLocation="http://www.loc.gov/MARC21/slim http://www.loc.gov/standards/marcxml/schema/MARC21slim.xsd"
    xmlns="http://www.loc.gov/MARC21/slim">

  <leader>04427nam a22002297a 4500</leader>
  <controlfield tag="003">OSt</controlfield>
  <controlfield tag="005">20191008121025.0</controlfield>
  <controlfield tag="008">180220b        xxu||||| |||| 00| 0 spa d</controlfield>
  <datafield tag="020" ind1=" " ind2=" ">
    <subfield code="a">9502003322</subfield>
  </datafield>
  <datafield tag="040" ind1=" " ind2=" ">
    <subfield code="c">PJ</subfield>
  </datafield>
  <datafield tag="100" ind1=" " ind2=" ">
    <subfield code="9">3046</subfield>
    <subfield code="a">Barrag&#xE1;n, Guillermo C.</subfield>
  </datafield>
  <datafield tag="245" ind1="1" ind2="3">
    <subfield code="a">El derecho de la pr&#xE1;ctica forense :</subfield>
    <subfield code="b">proceso civil y comercial /</subfield>
    <subfield code="c">Guillermo C. Barrag&#xE1;n.</subfield>
  </datafield>
  <datafield tag="260" ind1=" " ind2=" ">
    <subfield code="a">Buenos Aires :</subfield>
    <subfield code="c">Abeledo-Perrot,</subfield>
    <subfield code="b">1986.</subfield>
  </datafield>
  <datafield tag="300" ind1=" " ind2=" ">
    <subfield code="a">299 p.</subfield>
    <subfield code="c">23 cm.</subfield>
  </datafield>
  <datafield tag="500" ind1=" " ind2=" ">
    <subfield code="a">Notas y citas bibliogr&#xE1;ficas a pie de p&#xE1;gina.
</subfield>
  </datafield>
  <datafield tag="504" ind1=" " ind2=" ">
    <subfield code="a">Bibliograf&#xED;a: p. 293-295.</subfield>
  </datafield>
  <datafield tag="505" ind1=" " ind2=" ">
    <subfield code="a">Contenido:
Teor&#xED;a general de la practica forense : I. Concepto y elementos. II. Concepto de parte en el Derecho de la Pr&#xE1;ctica Forense. III. La Redacci&#xF3;n Forense. IV. El derecho notarial judicial. V. Breve introducci&#xF3;n al estudio cient&#xED;fico del Derecho Forense. El proceso ordinario: VI. Introducci&#xF3;n. VII. La apertura de la instancia. Modelo de tasa judicial N&#xBA; 1. Modelo de escrito de iniciaci&#xF3;n de demanda ordinaria N&#xBA; 2. Modelo de cargo judicial N&#xBA; 3. Modelo de Resoluci&#xF3;n por presentado N&#xBA; 4 . VIII. La traba de "litis". Modelo de c&#xE9;dula notificado el traslado de la demanda N&#xBA; 5. Modelo de escrito de contestaci&#xF3;n de la demanda N&#xBA; 6. modelo de escrito oponiendo una excepci&#xF3;n N&#xBA; 7. Modelo de reconvenci&#xF3;n N&#xBA; 8. Modelo de escrito pidiendo rebeld&#xED;a N&#xBA; 9. Modelo de Resoluci&#xF3;n dando por contestada la demanda N&#xBA; 10. IX. La actividad probatoria. Modelo de escrito pidiendo la apertura de prueba N&#xBA; 11. Modelo de Resoluci&#xF3;n abriendo la causa a prueba N&#xBA; 12. Modelo de escrito ofreciendo prueba N&#xBA; 13. Modelo de Resoluci&#xF3;n proveyendo la prueba ofrecido N&#xBA; 14. Modelo de c&#xE9;dula citando al absolverte N&#xBA; 15. Modelo de pliego de posiciones N&#xBA; 16. Modelo de acta de absoluci&#xF3;n de posiciones N&#xBA; 17. Modelo de c&#xE9;dula citando a un  testigo N&#xBA; 18. Modelo interrogatorio para un testigo N&#xBA; 19. Modelo de oficio judicial N&#xBA; 20. Modelo de un escrito acusando negligencia en al producci&#xF3;n de una prueba N&#xBA; 21. Capitulo X - Conclusi&#xF3;n de la causa para definitiva. Modelo de providencia poniendo en autos para alegar N&#xBA; 22. Modelo de diagrama de un alegato de bien probado N&#xBA; 23. Capitulo XI - La emisi&#xF3;n de la sentencia por el Juez de la causa. Modelo de resoluci&#xF3;n llamando autos para Sentencia N&#xBA; 24. Modelo de escrito pidiendo Sentencia N&#xBA; 25. Capitulo XII -  La ejecutabilidad del proceso. Capitulo XIII - La apertura de la instancia en el juicio ejecutivo. Modelo de escrito de la demanda ejecutiva N&#xBA; 26. Modelo de resoluci&#xF3;n por presentado en el juicio ejecutivo N&#xBA; 27. Capitulo XIV - Tr&#xE1;mite de aseguramiento pecuniario en el juicio ejecutivo . Modelo de mandamiento de embargo y citaci&#xF3;n de venta N&#xBA; 28. Capitulo XV -La traba de la litis en el juicio ejecutivo. Modelo de escrito presentado boleta de dep&#xF3;sito N&#xBA; 29. Modelo de escrito pidiendo sentencia de trance y remate N&#xBA; 31. Capitulo XVI - Causistica forense. Introducci&#xF3;n. Contingencias generales. La declaraci&#xF3;n de rebeld&#xED;a. Modelo de escrito acusando rebeld&#xED;a N&#xBA; 32. Modelo de resoluci&#xF3;n declarando la rebeld&#xED;a N&#xBA; 33. Modelo de c&#xE9;dula notificando la declaraci&#xF3;n de rebeld&#xED;a N&#xBA; 34. La formaci&#xF3;n de incidentes. Modelo de escrito pidiendo la formaci&#xF3;n de un incidente N&#xBA; 35. Modelo de resoluci&#xF3;n formando un incidente N&#xBA; 35 bis. La interposici&#xF3;n de recursos procesales. Modelo de escrito interponiendo un  recurso de aclaratoria N&#xBA; 36. Modelo de escrito interponiendo un recurso de revocatoria N&#xBA; 37. Modelo de escrito interponiendo un recurso de apelaci&#xF3;n N&#xBA; 38. Capitulo XVII - Procedimiento aplicado. Demanda de pago por consignaci&#xF3;n. Modelo de escrito iniciando una demanda de pago por consignaci&#xF3;n. Modelo de escrito iniciando una demanda de pago por consignaci&#xF3;n N&#xBA; 39. El juicio de desalojo. Modelo de demanda de desalojo N&#xBA; 40. Modelo de resoluci&#xF3;n por presentado N&#xBA; 41. Modelo de c&#xE9;dula notificando el traslado de la demanda en el juicio de desalojo N&#xBA; 42. Modelo de mandamiento de desahucio N&#xBA; 43. La ejecuci&#xF3;n hipotecaria. Modelo de demanda de ejecuci&#xF3;n hipotecaria N&#xBA; 44. Modelo de resoluci&#xF3;n pro presentado en la ejecuci&#xF3;n hipotecaria N&#xBA; 45. Modelo de mandamiento de intimaci&#xF3;n de pago en al ejecuci&#xF3;n hipotecaria. N&#xBA; 46. presentado 
</subfield>
  </datafield>
  <datafield tag="650" ind1=" " ind2="0">
    <subfield code="9">267</subfield>
    <subfield code="a">DERECHO PROCESAL</subfield>
  </datafield>
  <datafield tag="650" ind1=" " ind2="0">
    <subfield code="9">1602</subfield>
    <subfield code="a">DERECHO COMERCIAL</subfield>
  </datafield>
  <datafield tag="650" ind1=" " ind2="0">
    <subfield code="9">1953</subfield>
    <subfield code="a">PROCEDIMIENTO CIVIL</subfield>
  </datafield>
  <datafield tag="942" ind1=" " ind2=" ">
    <subfield code="2">udc</subfield>
    <subfield code="c">LIB</subfield>
    <subfield code="h">347.9</subfield>
    <subfield code="i">BAR</subfield>
  </datafield>
  <datafield tag="999" ind1=" " ind2=" ">
    <subfield code="c">1955</subfield>
    <subfield code="d">1955</subfield>
  </datafield>
  <datafield tag="952" ind1=" " ind2=" ">
    <subfield code="0">0</subfield>
    <subfield code="1">0</subfield>
    <subfield code="2">udc</subfield>
    <subfield code="4">0</subfield>
    <subfield code="7">0</subfield>
    <subfield code="a">DJS</subfield>
    <subfield code="b">DJS</subfield>
    <subfield code="d">2018-11-14</subfield>
    <subfield code="o">347.9 BAR</subfield>
    <subfield code="p">0420</subfield>
    <subfield code="r">2018-11-14</subfield>
    <subfield code="w">2018-11-14</subfield>
    <subfield code="y">LIB</subfield>
  </datafield>
</record>
